Manual básico de técnicos de aeróbic y fitness
Guardat en:
| Autor principal: | |
|---|---|
| Format: | Llibre |
| Idioma: | espanyol |
| Publicat: |
Barcelona
Paidotribo
2007
|
| Edició: | 3a. ed |
| Matèries: | |
| Etiquetes: |
Afegir etiqueta
Sense etiquetes, Sigues el primer a etiquetar aquest registre!
|
MARC
| LEADER | 00000nam a2200000 a 4500 | ||
|---|---|---|---|
| 001 | UCG3233 | ||
| 003 | CL-VaPUC | ||
| 008 | 100819e20070000SP |||||||||||||||||spa|d | ||
| 020 | |a 9788480197618 | ||
| 082 | 0 | 4 | |a 613.71 |b MOR |2 21 |
| 100 | |a Moral González, Susana |e autora |9 616335 | ||
| 245 | 1 | 0 | |a Manual básico de técnicos de aeróbic y fitness |
| 250 | |a 3a. ed | ||
| 300 | |a 122 p | ||
| 942 | |c BK | ||
| 945 | |d 20100819 00:00:00 |a mfarfan | ||
| 260 | |a Barcelona |b Paidotribo |c 2007 | ||
| 650 | 7 | |a FITNESS |2 CL-VaPUC |9 469781 | |
| 650 | 0 | |a Aeróbica |9 334255 | |
| 650 | 0 | |a Actividad física |9 362156 | |
| 650 | 7 | |a ENTRENAMIENTO FISICO |2 CL-VaPUC |9 307393 | |
| 650 | 7 | |a FISIOLOGIA DEL DEPORTE |2 CL-VaPUC |9 432770 | |
| 583 | |a last modification |c 20100819 00:00:00 |k Rodrigo Vera | ||
| 999 | |c 342304 |d 342302 | ||
| 952 | |0 0 |1 0 |4 0 |6 613_710000000000000_MOR_2007 |7 0 |8 C |9 438448 |a BIBCUR |b BIBCUR |d 2019-11-22 |i 4707621 |l 2 |o 613.71 MOR 2007 |p 4707621 |r 2025-04-22 |s 2022-04-21 |w 2019-11-22 |y BK |k DEN | ||